000 00727nam a2200265 a 4500
999 _c981
_d981
008 191114s2011 ii a|||g |||| 001 0 eng d
020 _a8120004221
_cRs. 300.00
040 _aKO
_beng
041 0 _aeng
044 _aii
082 0 4 _223
_a532
_bL15
100 1 _aLal, Jagdish
245 1 0 _aFluid Mechanics and Hydraulics :
_bWith Computer Applications /
_cJagdish Lal
250 _a9th ed.
260 _aNew Delhi :
_bMetropolitan Book Co Pvt ltd,
_c2011
300 _axxxvi, 1048 p. :
_bill. ;
_c23 cm.
504 _aIncludes index.
650 0 _aFluid mechanics
_vTextbooks
650 0 _aHydraulics
_vTextbooks
650 0 _aFluid Dynamics
650 0 _aHydrostatics
904 _aS_JOY
942 _cBK